01290nam a22001817a 45000010005000000030006000050050017000110080041000280200018000690400029000870820012001161000020001282450064001482500025002122600049002373000056002865200766003425652FISKH20250109120008.0250109b cb ||||| |||| 00| 0 eng d a9780199126644 aFISKHbengcFISKHdFISKH a428.007 aRedford ,Rachel aEnglish : bAn international approach /cby Rachel Redford  aFirst published 2009 aOxford : bOxford University Press ;c2009.  a163 pages : bcolor illustrations, maps ;c28 cm .  aThis new course provides students and teachers with current, meaningful, and practical activities along a theme based approach to help students to develop skills, gain confidence and enjoy the study of English.Each book provides reading, writing, listening and speaking activities that support the development of skills, knowledge, values and attitudes. Students will find the content and activities motivating and relevant to many areas of their study. Each of the four books includes a CD for listeningskills and activities and offers suggestions for how to integrate English with other subjects.With internationally minded content and opportunities for enquiry based learning, this series provides lively and colourful resources for a wide range of students.